MARC

LEADER 00000nam0a2200000 4500
001 338781
005 20231102005100.0
035 |a (RuTPU)RU\TPU\book\365285 
035 |a RU\TPU\book\365280 
090 |a 338781 
100 |a 20171201d1895 m y0rusy50 ca 
101 0 |a rus 
102 |a UA 
105 |a a z 001zy 
200 1 |a Боржом и его целебные источники  |f П. И. Ковалевский 
205 |a 2-е изд. 
210 |a Харьков  |c Типография Зильберберга  |c Издание журнала "Архив психиатрии, нейрологии и судебной психопатологии"  |d 1895 
215 |a 222 с.  |c ил. 
316 |5 63413507: 49//18  |a На форзаце печатный экслибрис: "Библиотека С, Н. Кулибина" 
317 |5 63413507: 49//18  |a Поступила в 1900 году в составе книжного собрания С. Н. Кулибина 
320 |a Перечень работ автора 
606 1 |a География  |2 stltpush  |3 (RuTPU)RU\TPU\subj\5918  |9 33902 
606 1 |a Минеральные воды, лечебные  |x (фармакология)  |2 stltpush  |3 (RuTPU)RU\TPU\subj\80813 
610 1 |a Боржом 
610 1 |a географическое положение 
610 1 |a учреждения 
610 1 |a квартиры 
610 1 |a гостиницы 
610 1 |a население 
610 1 |a климат 
610 1 |a лечебные воды 
610 1 |a минеральные воды 
610 1 |a владельческие знаки 
610 1 |a библиотека С. Н. Кулибина 
675 |a 91  |v 4 
675 |a 615.327  |v 4 
700 1 |a Ковалевский  |b П. И.  |c психиатр, публицист и общественный деятель  |f 1850-1931  |g Павел Иванович  |2 stltpush  |3 (RuTPU)RU\TPU\pers\39890 
801 1 |a RU  |b 63413507  |c 20171201 
801 2 |a RU  |b 63413507  |c 20221017  |g RCR 
942 |c BK